00258nam a2200097Ia 4500008004000000082001700040100001900057245002600076260005000102300000800152210210b1974 xxu||||| |||| 00| 0 eng d a320.954 NOOM aNOORANI (A G). aMinisters misconduct. aDelhibVikas Publishing House Pvt Ltd.c1974 a236